Intento de psicoanálisis de Juana Inés / (Record no. 25463)

MARC details
000 -LEADER
campo de control de longitud fija 00664nam a2200205 i 4500
001 - NÚMERO DE CONTROL
campo de control 25463
003 - IDENTIFICADOR DE NÚMERO DE CONTROL
campo de control ES-MaACL
005 - FECHA Y HORA DE LA ÚLTIMA TRANSACCIÓN
campo de control 20250722183551.0
007 - CAMPO FIJO DE DESCRIPCIÓN FÍSICA--INFORMACIÓN GENERAL
campo de control de longitud fija t|
008 - DATOS DE LONGITUD FIJA--INFORMACIÓN GENERAL
campo de control de longitud fija 021226s1972 mx af ||||1| spa d
100 1# - ENTRADA PRINCIPAL--NOMBRE DE PERSONA
Nombre de persona Arias de la Canal, Fredo.
9 (RLIN) 22770
245 10 - MENCIÓN DEL TÍTULO
Título Intento de psicoanálisis de Juana Inés /
Mención de responsabilidad, etc. Fredo Arias de la Canal.
250 ## - MENCION DE EDICION
Mención de edición 1ª ed.
260 ## - PUBLICACIÓN, DISTRIBUCIÓN, ETC.
Lugar de publicación, distribución, etc. México :
Nombre del editor, distribuidor, etc. Frente de Afirmación Hispanista,
Fecha de publicación, distribución, etc. 1972.
300 ## - DESCRIPCIÓN FÍSICA
Extensión 129 p., 3 lám. :
Otras características físicas il. ;
Dimensiones 22 cm.
600 04 - PUNTO DE ACCESO ADICIONAL DE MATERIA--NOMBRE DE PERSONA
Nombre de persona Juana Inés de la Cruz,
Títulos y otros términos asociados al nombre Sor,
Fechas asociadas al nombre 1651-1695
9 (RLIN) 67141
710 2# - ENTRADA AGREGADA--NOMBRE DE ENTIDAD CORPORATIVA
Nombre de entidad corporativa o nombre de jurisdicción como elemento de entrada Frente de Afirmación Hispanista, A.C.
9 (RLIN) 159234
852 ## - LOCALIZACIÓN
Ubicación ES-MaACL
Número de control de estantería E-8586
Holdings
Estatus retirado Estado de pérdida Estado de daño No para préstamo Biblioteca de origen Biblioteca actual Ubicación en estantería Fecha de adquisición Fuente de adquisición Total de préstamos Signatura topográfica completa Código de barras Visto por última vez Precio de reemplazo Tipo de ítem Koha
        Biblioteca del Ateneo de Madrid Biblioteca del Ateneo de Madrid Depósito 2 17/01/2008     E-8586 1026253 23/02/2023 23/02/2023 Libro impreso